| 000 | 00663nam a2200217Ia 4500 | ||
|---|---|---|---|
| 005 | 20250108125019.0 | ||
| 008 | 008 250107s9999 xx 000 0 hin d | ||
| 037 | _aTB | ||
| 040 |
_aCRL _bhin _cCRL |
||
| 041 |
_ahin _2hin |
||
| 084 | _aY15 152R1 | ||
| 084 | _qCRL | ||
| 100 |
_aसिंह, शिव कुमार, ले. _9159486 |
||
| 245 | 0 |
_aहिन्दी शिक्षण के आयाम _cसिंह, शिव कुमार, ले. |
|
| 260 | _c3002 | ||
| 300 | _a170पृ0 | ||
| 365 |
_aINR _b430 |
||
| 650 | _aशिक्षाशास्त्र | ||
| 942 |
_cTB _hY15 152R1 |
||
| 999 |
_c1235390 _d1235390 |
||